<?xml version="1.0" encoding="UTF-8"?><?xml-stylesheet type="text/xsl" href="static/style.xsl"?><OAI-PMH xmlns="http://www.openarchives.org/OAI/2.0/" xmlns:xsi="http://www.w3.org/2001/XMLSchema-instance" xsi:schemaLocation="http://www.openarchives.org/OAI/2.0/ http://www.openarchives.org/OAI/2.0/OAI-PMH.xsd"><responseDate>2026-06-04T07:03:33Z</responseDate><request verb="GetRecord" identifier="oai:riuma.uma.es:10630/44876" metadataPrefix="marc">https://riuma.uma.es/rest/oai/request</request><GetRecord><record><header><identifier>oai:riuma.uma.es:10630/44876</identifier><datestamp>2026-01-27T00:47:23Z</datestamp><setSpec>com_10630_2254</setSpec><setSpec>col_10630_37953</setSpec></header><metadata><record xmlns="http://www.loc.gov/MARC21/slim" xmlns:dcterms="http://purl.org/dc/terms/" xmlns:doc="http://www.lyncode.com/xoai" xmlns:xsi="http://www.w3.org/2001/XMLSchema-instance" xsi:schemaLocation="http://www.loc.gov/MARC21/slim http://www.loc.gov/standards/marcxml/schema/MARC21slim.xsd">
   <leader>00925njm 22002777a 4500</leader>
   <datafield ind2=" " ind1=" " tag="042">
      <subfield code="a">dc</subfield>
   </datafield>
   <datafield ind2=" " ind1=" " tag="720">
      <subfield code="a">de Vicente Domínguez, Aida María</subfield>
      <subfield code="e">author</subfield>
   </datafield>
   <datafield ind2=" " ind1=" " tag="720">
      <subfield code="a">Carballeda Camacho, Mireia del Rocio</subfield>
      <subfield code="e">author</subfield>
   </datafield>
   <datafield ind2=" " ind1=" " tag="720">
      <subfield code="a">Cea Esteruelas, Nereida</subfield>
      <subfield code="e">author</subfield>
   </datafield>
   <datafield ind2=" " ind1=" " tag="260">
      <subfield code="c">2021</subfield>
   </datafield>
   <datafield ind2=" " ind1=" " tag="520">
      <subfield code="a">El método es una serie emitida por el Laboratorio de Innovación Audiovisual de RTVE.es (Lab), durante el estado de alerta en España, para informar sobre lo concerniente a la COVID-19. Los objetivos son: averiguar el formato (tipología y estructura); conocer las técnicas de producción y realización usadas para grabar y editar los contenidos; revelar las temáticas más representativas sobre la COVID-19; averiguar las tipologías de las fuentes informativas; descubrir si hay equidad de género en las fuentes expertas, e identificar las estrategias divulgativas usadas para explicar la terminología científicotecnológica. Los resultados indican que se usaron herramientas ofimáticas de Google para trabajar en remoto; que las fuentes informativas cumplen con la equidad de género, y son principalmente especialistas; así como que se hace uso de elevado número de estrategias divulgativas divergentes. Se concluye que Internet es un medio óptimo para crear nuevas narrativas e innovar en formatos, ofreciendo un modelo excelente para informar sobre salud en tiempos de confinamiento. Un material de utilidad para ampliar las competencias digitales en el periodismo y la divulgación científica.PALABRAS CLAVE: divulgación científica, periodismo científico, COVID-19, nuevas narrativas, estrategias divulgativas, terminología científica.</subfield>
   </datafield>
   <datafield ind1="8" ind2=" " tag="024">
      <subfield code="a">Domínguez, V., Carballeda Camacho, M. del R., &amp; Cea Esteruelas, N. (2021). La divulgació científica sobre el virus SARS-CoV-2 i la COVID-19: la sèrie El método del Lab de RTVE.es com a cas objecte d’estudi. Comunicació: revista de recerca i anàlisi, 38(2), 71-91. ISSN-e 2014-0444.</subfield>
   </datafield>
   <datafield ind1="8" ind2=" " tag="024">
      <subfield code="a">https://hdl.handle.net/10630/44876</subfield>
   </datafield>
   <datafield ind1="8" ind2=" " tag="024">
      <subfield code="a">10.2436/20.3008.01.210</subfield>
   </datafield>
   <datafield tag="653" ind2=" " ind1=" ">
      <subfield code="a">Divulgación científica</subfield>
   </datafield>
   <datafield ind2="0" ind1="0" tag="245">
      <subfield code="a">La divulgación científica sobre el virus SARS-CoV-2 y la COVID-19: la serie El método del Lab de RTVE.es como caso objeto de estudio</subfield>
   </datafield>
</record>
</metadata></record></GetRecord></OAI-PMH>